000
00256nam a2200109Ia 4500
008
220204s9999 xx 000 0 und d
082
_a
82-3
_b
SOL
100
_a
Solzhenitsyn, A
245
0
_a
Lenin in Zurich
260
_a
New York
_b
Bantam
_c
1977
942
_c
BK
999
_c
28656
_d
28656